Statistiques concernant Nommez un Président Français Valide

Cliquez ici pour prendre le quiz!

Statistiques générales

  • Ce quiz a été pris 18 817 fois
  • Le résultat moyen est 10 sur 20

Statistiques - réponses

Nommez un président...Réponses possibles% Correct
investi à 40 ans ou moinsLouis-Napoléon Bonaparte | Emmanuel Macron
99%
diplômé de l'ENAValéry Giscard d'Estaing | Jacques Chirac | François Hollande | Emmanuel Macron
92%
qui est né à ParisLouis-Napoléon Bonaparte | Jean Casimir-Perier | Félix Faure | Alexandre Millerand | Jacques Chirac | Nicolas Sarkozy
83%
mort pendant son mandatMarie François Sadi Carnot | Félix Faure | Paul Doumer | Georges Pompidou
77%
qui a été militaire de professionLouis-Napoléon Bonaparte | Patrice de Mac Mahon | Charles de Gaulle
65%
ayant quitté le poste à 75 ans ou plusAdolphe Thiers | Jules Grévy | Paul Doumer | René Coty | Charles de Gaulle | François Mitterrand
64%
qui n'a pas d'enfant biologiqueAdolphe Thiers | Raymond Poincaré | Gaston Doumergue | Georges Pompidou | Emmanuel Macron
63%
engagé dans une cohabitationFrançois Mitterrand | Jacques Chirac
55%
portant des lunettes sur son portrait officielAdolphe Thiers | Alexandre Millerand | Vincent Auriol | François Hollande
50%
de la Quatrième RépubliqueVincent Auriol | René Coty
50%
dont le prénom contient un XFélix Faure | Alexandre Millerand
49%
membre de l'Académie FrançaiseAdolphe Thiers | Raymond Poincaré | Paul Deschanel | Valéry Giscard d'Estaing
42%
ayant toujours refusé de siéger
au Conseil Constitutionnel
Charles de Gaulle | François Mitterrand | François Hollande
42%
dont le nom est valide au ScrabbleFrançois Hollande | Emmanuel Macron
37%
qui n'a eu qu'un seul chef du gouvernementAdolphe Thiers | Jean Casimir-Perier | Paul Deschanel | Nicolas Sarkozy
35%
officiant lors d'une Guerre MondialeRaymond Poincaré | Albert Lebrun
34%
ayant été en fonction moins d'un anJean Casimir-Perier | Paul Deschanel | Paul Doumer
30%
ayant été président du conseil des ministres pendant la Troisième RépubliqueJean Casimir-Perier | Emile Loubet | Armand Fallières | Raymond Poincaré | Alexandre Millerand | Gaston Doumergue
22%
qui s'est présenté sans étiquetteAlexandre Millerand | Paul Doumer
18%
qui n'est pas né en FrancePaul Deschanel | Valéry Giscard d'Estaing
18%

Distribution des résultats

Percentile par nombre de réponses

% des personnes avec chaque résultat

Votre développement - résultats

Vous n’avez pas pris ce quiz